000 00583nam a22002177a 4500
003 OSt
005 20170111143306.0
008 170111b xxu||||| |||| 00| 0 eng d
020 _a0443102120
020 _a9780443102127
040 _cDNLM
082 _aWU100C61c 2007
100 _aChestnutt,G.Ivor;Gibson,John;
_911381
245 _aClinical Dentistry:
250 _a3rd ed.
260 _aphiladelphia;
_bChurchill LIvingstone,
_c2007.
300 _a591p;
_bcol,ill:
_c18cm.
504 _ait includes appendices and index.
650 _aDentistry.
_93762
942 _2z
_cO_SHELF
999 _c5446
_d5446